Minecraft Loot: Shipwreck Supply - Statistics

General Stats
  • This quiz has been taken 9 times
    3 since last reset
  • The average score is 16 of 22
Answer Stats
Pool Item Stack Size Weight % Correct
1(3-10) Bamboo 1-3 2.4%
100%
1(3-10) Coal 2-8 7.1%
100%
2(1) Coast Armor Trim 2 17%
100%
1(3-10) Gunpowder 1-5 3.6%
100%
1(3-10) Paper 1-12 9.5%
100%
1(3-10) Poisonous Potato 2-6 8.3%
100%
1(3-10) Potato 2-6 8.3%
100%
1(3-10) Pumpkin 1-3 2.4%
100%
1(3-10) Suspicious Stew 1 12%
100%
1(3-10) Wheat 8-21 8.3%
100%
1(3-10) Carrot 4-8 8.3%
50%
3(1) Copper Nautilus Armor 1 11%
50%
3(1) Diamond Nautilus Armor 1 1.1%
50%
3(1) Golden Nautilus Armor 1 2.7%
50%
3(1) Iron Nautilus Armor 1 5.4%
50%
1(3-10) Leather Boots 1 3.6%
50%
1(3-10) Leather Cap 1 3.6%
50%
1(3-10) Leather Pants 1 3.6%
50%
1(3-10) Leather Tunic 1 3.6%
50%
1(3-10) Moss Block 1-4 8.3%
50%
1(3-10) Rotten Flesh 5-24 6.0%
50%
1(3-10) TNT 1-2 1.2%
50%
No matching quizzes found
Score Distribution
Percent of People with Each Score
Percentile by Number Answered
Your Score History
You have not taken this quiz since the last reset